ՀՀ Գիտությունների ազգային ակադեմիայի հիմնարար գիտական գրադարան  =   Fundamental Scientific Library of NAS RA

Речи против Катилины : (Record no. 312004)

MARC details
000 -LEADER
fixed length control field 02013nam a22003251i 4500
001 - CONTROL NUMBER
control field 000894438
003 - CONTROL NUMBER IDENTIFIER
control field AM-YeHGA
005 - DATE AND TIME OF LATEST TRANSACTION
control field 20250617145435.0
008 - FIXED-LENGTH DATA ELEMENTS--GENERAL INFORMATION
fixed length control field 061002s1899 ru ||c ||| s|rus d
040 ## - CATALOGING SOURCE
Original cataloging agency AM-YeHGA
041 1# - LANGUAGE CODE
Language code of text/sound track or separate title rus
-- lat
Language code of original lat
090 ## - LOCALLY ASSIGNED LC-TYPE CALL NUMBER (OCLC); LOCAL CALL NUMBER (RLIN)
-- 313722
100 1# - MAIN ENTRY--PERSONAL NAME
Personal name Цицерон, Марк Туллий
Dates associated with a name 106-43 до н. э.
245 10 - TITLE STATEMENT
Title Речи против Катилины :
Remainder of title С введением, примечаниями, 7 рисунками, географическими картами и планами Рима и Римского форума /
Statement of responsibility, etc. М. Туллий Цицерон; Объясн. И. Нетушил, проф. Харьк. ун-та.
250 ## - EDITION STATEMENT
Edition statement 3-е изд.
260 ## - PUBLICATION, DISTRIBUTION, ETC.
Place of publication, distribution, etc. Санкт-Петербург :
Name of publisher, distributor, etc. Тип. В. Безобразова и К°,
Date of publication, distribution, etc. 1899.
300 ## - PHYSICAL DESCRIPTION
Extent 2 ч. ;
Dimensions 20 см.
490 0# - SERIES STATEMENT
Series statement Иллюстрированное собрание греческих и римских классиков с объяснительными примечаниями / Под ред. Льва Георгиевского и Сергея Манштейна
505 10 - FORMATTED CONTENTS NOTE
Miscellaneous information Ч. 1 (105, [1] с., [4] отд. л. карт : ил.) :
Title Текст
546 ## - LANGUAGE NOTE
Language note Текст на латинском языке, Комментарий на русск. яз.
600 04 - SUBJECT ADDED ENTRY--PERSONAL NAME
Personal name Катилина
Dates associated with a name ок. 108-62 до н. э.
653 0# - INDEX TERM--UNCONTROLLED
Uncontrolled term Рим Древний
653 0# - INDEX TERM--UNCONTROLLED
Uncontrolled term Судебные речи в Риме Древнем
653 0# - INDEX TERM--UNCONTROLLED
Uncontrolled term История - Рим Древний
700 1# - ADDED ENTRY--PERSONAL NAME
Personal name Нетушил, Иван Вячеславович
Dates associated with a name 1850-1928
700 1# - ADDED ENTRY--PERSONAL NAME
Personal name Георгиевский, Лев Александрович
Dates associated with a name 1860-
Relationship oth
700 1# - ADDED ENTRY--PERSONAL NAME
Personal name Манштейн, Сергей Андреевич
Dates associated with a name 1858-
Relationship oth
730 0# - ADDED ENTRY--UNIFORM TITLE
Uniform title Речь против Катилины, 1-я - 4-я
830 #0 - SERIES ADDED ENTRY--UNIFORM TITLE
Uniform title Иллюстрированное собрание греческих и римских классиков с объяснительными примечаниями
Holdings
Withdrawn status Lost status Source of classification or shelving scheme Damaged status Not for loan Collection Home library Current library Date acquired Serial enumeration / chronology Total checkouts Full call number Barcode Date last seen Price effective from Koha item type Public note
    Universal Decimal Classification     Hambardzumyan Individual Collection Fundamental Scientific Library Fundamental Scientific Library 09/01/2017 Ч. 1   Amb/818 FL0230703 09/01/2017 09/01/2017 Գրքեր / Books ILL Non-Circ.


ՀՀ ԳԱԱ հիմնարար գիտական գրադարան
ՀՀ,Երևան 0019
Մարշալ Բաղրամյան 24/6
հեռախոս:(374-10) 52-47-50
Հետադարձ կապ

All site content, except where otherwise noted, is licensed under a
Creative Commons License